Bytča

Bibliographic Details
Format: Book
Language:Undetermined
PhysicalDescription:pohľadnica
Published: Bratislava Pravda

MARC

LEADER 00000nam a2200000 a 4500
001 vtls001421388
003 SK-MaSNL
005 20260223132110.0
008 010926suuuu xx 0 und
035 |a SNK000376240 
040 |a SNK  |b slo  |c SNK  |e AACR2 
245 1 |a Bytča 
260 |a Bratislava  |b Pravda 
300 |a pohľadnica 
999 |c 554539  |d 556469 
952 |t P60, <03>, [BOOK], {603}  |a SNK  |b SNK  |y PREZ  |7 0  |p 17A0317155  |o snkSP 76571  |0 0  |1 0  |4 0  |d 2001-09-26  |l 0  |r 2005-01-02 00:00:00  |w 2026-02-23